00485nmm a2200133Ia 4500008004100000020001800041041000800059100002900067245009300096264006600189300001800255650002700273856005100300251105s9999||||xx |||||||||||||||||und|| a9788490294123 aspa aMatilla i Serrano, Kathy 0aConceptos fundamentales en la Planificación Estratégica de las Relaciones Públicas a[Madrid, España] :bUniversitat Oberta de Catalunya, c2009 a220 páginas aEconomics and Business uhttps://public.digitaliapublishing.com/a/20004